| 000 | 00000nas 2200000zi 4500 |
| 001 | 9.934428 |
| 003 | CaOODSP |
| 005 | 20240416134613 |
| 006 | m o d f |
| 007 | cr ||||||||||| |
| 008 | 240223d19681971oncuu m o f0###a0eng|d |
| 040 | |aCaOODSP|beng|erda|cCaOODSP |
| 041 | |aeng|beng|bfre |
| 043 | |an-cn--- |
| 086 | 1 |aEn57-57E-PDF |
| 130 | 0 |aTechnical memoranda (Canada. Meteorological Branch) |
| 245 | 10|aTechnical memoranda. |
| 264 | 1|aToronto : |bDepartment of Transport, Meteorological Branch, |c1968-1971. |
| 336 | |atext|btxt|2rdacontent |
| 337 | |acomputer|bc|2rdamedia |
| 338 | |aonline resource|bcr|2rdacarrier |
| 500 | |aDigitized edition from print [produced by Environment and Climate Change Canada]. |
| 546 | |aSome numbers include abstracts in English and French; French titles accompany French abstracts. |
| 588 | |aDescription based on: TEC 677. |
| 650 | 0|aMeteorology. |
| 650 | 6|aMétéorologie. |
| 710 | 1 |aCanada. |bMeteorological Branch, |eissuing body. |
| 710 | 1 |aCanada.|bDepartment of Transport, |eissuing body. |
| 780 | 00|tTEC.|w(CaOODSP)9.934253 |
| 785 | 00|tTechnical memoranda / |w(CaOODSP)9.934501 |